Khoa học và công nghệ thế giới kinh nghiệm và định hướng chiến lược

में बचाया:
ग्रंथसूची विवरण
मुख्य लेखक: Tạ Bá Hưng
स्वरूप: पुस्तक
भाषा:Undetermined
प्रकाशित: H. Hà Nội 2002
विषय:
टैग : टैग जोड़ें
कोई टैग नहीं, इस रिकॉर्ड को टैग करने वाले पहले व्यक्ति बनें!
Thư viện lưu trữ: Trung tâm Học liệu Trường Đại học Cần Thơ
LEADER 00599nam a2200193Ia 4500
001 CTU_54507
008 210402s9999 xx 000 0 und d
020 |b 100000 
082 |a 338.064 
082 |b H556 
100 |a Tạ Bá Hưng 
245 0 |a Khoa học và công nghệ thế giới kinh nghiệm và định hướng chiến lược 
245 0 |c Tạ Bá Hưng 
260 |a H. 
260 |b Hà Nội 
260 |c 2002 
650 |a technology 
650 |x development countries,economic conditions 
980 |a Trung tâm Học liệu Trường Đại học Cần Thơ